LEADER 01152nam a2200229 i 4500 001 000000174949 003 CaOOAMICUS 005 20191119110010.0 008 090128s2006 it u000 u ita u 013 $a152426 040 $aSeMil$bita 245 13$aIl Battesimo e la rinascita a nuova vita nel mistero della redenzione :$bristrutturazione e riqualificazione della Cappella che ospita il fonte ove fu battezzato Giovan Battista Montini Paolo 6. 260 $aBrescia :$bAssociazione Arte e Spiritualità,$ccopyr. 2006. 300 $a94 p. ;$c24 cm. 490 0 $aQuaderni ;$vN.11 830 0$aQuaderni ;$v11.$0(OLS)http://semarc/title/14832 850 $aSeMil 852 $aSeMil$W1$xVenegono$y1$m5R XVI 48$j125777$B125777$CSeMilBibl$Z2$F138933 $81 961 $aOmaggio: Altro 996 $6245$aIl Battesimo e la rinascita a nuova vita nel mistero della redenzione :$bristrutturazione e riqualificazione della Cappella che ospita il fonte ove fu battezzato Giovan Battista Montini Paolo 6$9(OLS)http://semarc/title/250858 996 $6260$aBrescia :$bAssociazione Arte e Spiritualità$9(OLS)http://semarc/publisher/35284 LEADER 01370nam a2200289 i 4500 001 000000074601 003 CaOOAMICUS 005 20250911112351.0 008 121108s2000 it u000 u ita u 013 $a45773 020 $a88-464-2317-8 040 $aSeMil$bita 110 2 $aFondazione Culturale Ambrosianeum$c.$0(OLS)http://semarc/name/3900 245 10$aMilano 1999-2000 :$brapporto sulla città /$cdi Ambrosianeum Fondazione ; a cura di Eugenio Zucchetti ; postfazione di Carlo Maria Martini A. Airò. 260 $aMilano :$bFranco Angeli,$c2000. 300 $a222 p. :$bgrafici, tabelle ;$c23 cm. 650 4$aMilano - Condizioni economiche e sociali.$0(OLS)http://semarc/subject/58487 700 1 $aAirò, Antonio <1936- >.$0(OLS)http://semarc/name/35317 700 1 $aZucchetti, Eugenio <1951-2009>.$0(OLS)http://semarc/name/20814 700 1 $aMartini, Carlo Maria,$c.$0(OLS)http://semarc/name/89159 850 $aSeMil 852 $aSeMil$W1$xVenegono$y1$m3O II 179$j40753$B40753$CSeMilBibl$Z2$F40757 $81 961 $aOmaggio: Donazione 996 $6020$a88-464-2317-8$9(OLS)http://semarc/number/54789 996 $6245$aMilano 1999-2000 :$brapporto sulla città$9(OLS)http://semarc/title/120958 996 $6260$aMilano :$bFranco Angeli$9(OLS)http://semarc/publisher/30369